00245nam a22000857a 4500008004100000020001500041041000800056080001000064245008500074160614b xxu||||| |||| 00| 0 eng d a097002794X aeng a618.2 aThe chemistry of drugs for nurse anesthetists:cLemont B. Kier; Cynthia S. Dowd;